000 00773nam a2200265Ia 4500
005 20260302115649.0
008 008 260114s9999 xx 000 0 eng d
020 _a9798216965541
037 _aTextbook
040 _aCRL
040 _beng
040 _cCRL
041 _2eng
041 _aeng
084 _qCRL
100 _aBernard L. Peterson Jr.
_91122236
245 0 _aEarly Black American Playwrights and Dramatic Writers A Biographical Directory and Catalog of Plays, Films, and Broadcasting Scripts
260 _bBloomsbury
260 _bGreenwood
260 _c1990
650 _aLiterary Studies
856 _uhttps://doi.org/10.5040/9798216965541?locatt=label:secondary_bloomsburyCollections
942 _cEBOOK
999 _c1687039
_d1687039